Sistema para el aseguramiento de la gestión informática en el Instituto Costarricense de Acueductos y Alcantarillados, un modelo de desconcentración

Guardado en:
Bibliografiske detaljer
Hovedforfatter: Díaz Ruiz, Andrey Alberto
Andre forfattere: Zamora Cervantes, Hamilton
Format: Bog
Udgivet: San José, C.R 1998
Fag:
Tags: Tilføj Tag
Ingen Tags, Vær først til at tagge denne postø!

MARC

LEADER 00000nam a2200000Ia 4500
003 008400
005 20221231144225.0
008 140114s1998 cr a m 000 ||s d
040 |c cru CEDI 
090 |a TFG 3803 
100 |a Díaz Ruiz, Andrey Alberto  |9 9104 
245 |a Sistema para el aseguramiento de la gestión informática en el Instituto Costarricense de Acueductos y Alcantarillados, un modelo de desconcentración 
260 |c 1998  |a  San José, C.R 
300 |a  ix, 116, [50] hojas : ilustraciones  
500 |a  Tesis (licenciatura en ingeniería industrial)--Universidad de Costa Rica. Facultad de Ingeniería. Escuela de Ingeniería Industrial 
650 |x INSTITUTO COSTARRICENSE DE ACUEDUCTOS Y ALCANTARILLADOS - ADMINISTRACION   |x SISTEMAS DE INFORMACION EN ADMINISTRACION  |9 9107 
700 |9 9106  |a Zamora Cervantes, Hamilton 
942 |c TFG 
999 |c 18677  |d 18677